| 000 | 03942 a2200265 4500 | ||
|---|---|---|---|
| 001 | 28937 | ||
| 005 | 20260407155558.0 | ||
| 008 | 260407a1999 arg spa d | ||
| 003 | AR-UNSa-BCEJYS | ||
| 040 |
_aAR-UNSa-BCEJYS _bspa _cAR-UNSa-BCEJYS |
||
| 080 |
_a349.22:331.106 _xContrato de trabajo |
||
| 245 | 1 | 0 |
_aRégimen legal del contrato de trabajo _pLey 25.744, t.o. 1976 y sus modificatorias |
| 020 | _a950-727-223-2 | ||
| 264 | 1 |
_aBuenos Aires : _bRubinzal-Culzoni Editores _c1999 |
|
| 300 |
_a368 p. _c22 cm. |
||
| 505 | _aTítulo I: Disposiciones Generales -- Título II: Del contrato de trabajo en general: 1. Del contrato y la relación de trabajo - 2. De los sujetos del contrato de trabajo - 3. De los requisitos esenciales y formales del contrato de trabajo - 4. Del objeto del contrato de trabajo - 5. De la formación del contrato de trabajo - 6. De la forma y prueba del contrato de trabajo - 7. De los derechos y deberes de las partes - 8. De la formación profesional -- Título III: De las modalidades del contrato de trabajo: 1. Principios generales - 2. Del contrato de trabajo a plazo fijo - 3. Del contrato de trabajo de temporada - 4. Del contrato de trabajo eventual - 5. Del contrato de trabajo de grupo o por equipo -- Título IV: De la remuneración del trabajador: 1. Del sueldo o salario en general - 2. Del salario mínimo vital y móvil - 3. Del sueldo anual complementario - 4. De la tutela y pago de la remuneración -- Título V: De las vacaciones y otras licencias: 1. Régimen general - 2. Régimen de las licencias especiales - 3. Disposiciones comunes -- Título VI: De los feriados obligatorios y días no laborales -- Título VII: Trabajo de mujeres: 1. Disposiciones generales - 2. De la protección de la maternidad - 3. De la prohibición del despido por causa de matrimonio - 4. Del estado de excedencia -- Título VIII: Del trabajo de los menores -- Título IX: De la duración del trabajo y descanso semanal: 1. Jornada de trabajo - 2. Del descanso semanal -- Título X: De la Suspensión de ciertos efectos del contrato de trabajo: 1. De los accidentes y enfermedades inculpables - 2. Servicio militar y convocatorias especiales - 3. Del desempeño de cargos electivos - 4. Del desempeño de cargos electivos o representativos en asociaciones profesionales de trabajadores con personería gremial o en organismos o comisiones que requieran representación sindical - 5. De las suspensiones por causas económicas y disciplinarias -- Título XI: De la transferencia del contrato de trabajo -- Título XII: De la extinción del contrato de trabajo: 1. Del preaviso - 2. De la extinción del contrato de trabajo por renuncia del trabajador - 3. De la extinción del contrato de trabajo por voluntad concurrente de las partes - 4. De la extinción del contrato de trabajo por justa causa - 5. De la extinción del contrato de trabajo por fuerza mayor o por falta o disminución de trabajo - 6. De la extinción del contrato de trabajo por muerte del trabjador - 7. De la extinción del contrato de trabajo por muerte del empleador - 8. De la extinción del contrato de trabajo por vencimiento del plazo - 9. De la extinción del contrato por quiebra o concurso del empleador - 10. De la extinción del contrato de trabajo por jubilación del trabajador - 11. De la extinción del contrato de trabajo por incapacidad o inhabilidad del trabajador - 12. Disposición común -- Título XIII: De la prescripción y caducidad -- Titulo XIV: De los privilegios: 1. De la preferencia de los créditos laborales - 2. De las clases de privilegios -- Título XV: Disposiciones complementarias | ||
| 041 | _aspa | ||
| 942 | _cBK | ||
| 590 | _aniveau_biblio:m niveau_hierar:0 | ||
| 100 | 1 | _aRubio, Valentín | |
| 700 | 1 | _aPiatti, Graciela M. | |
| 650 | _aLey Nº 20.744 | ||
| 856 | 4 | 1 |
_uhttps://170.210.207.44/pmb/images/libros/L119987.jpg _yImagen de portada _qimage/jpeg |
| 650 | _a ley nº 20 744 | ||
| 999 |
_c1756 _d1756 |
||